00777cam a22002297a 4500003000500000005001700005008004100022010001000063011001000073035001000083040000900093110007200102245009800174260009300272300002700365410000900392490003200401650004300433650003000476810000900506830003200515CHAP20220329135922.0971013d1981 mx ab r 00110 spa d a44094 a45066 a49205 cCHAP0 aINIA. México. Campo Agrícola Experimental Valle de Apatzingán10aLogros y aportaciones de la investigación agrícola en el estado de Michoacánc/por INIA aApatzingán, Mich. :bINIA. Campo Agrícola Experimental Valle de Apatzingán,c1981. a84 p. :bilus. ; mapas21aINIA 0aPublicación especialv; 114aAgriculturaxInvestigacionxMichoacan.14aAgriculturaxMichoacán.00aINIA0 aPublicación especialv; 1